Public speaking for wimps ; : (Record no. 535435)

000 -LEADER
fixed length control field 01055cam a2200289 a 4500
001 - CONTROL NUMBER
control field 13849297
003 - CONTROL NUMBER IDENTIFIER
control field NUST
005 - DATE AND TIME OF LATEST TRANSACTION
control field 20200909111453.0
008 - FIXED-LENGTH DATA ELEMENTS--GENERAL INFORMATION
fixed length control field 050125s2005 nyua 001 0 eng
010 ## - LIBRARY OF CONGRESS CONTROL NUMBER
LC control number 2005001297
020 ## - INTERNATIONAL STANDARD BOOK NUMBER
International Standard Book Number 1402712243
038 ## - RECORD CONTENT LICENSOR
Staff Name Arshad
040 ## - CATALOGING SOURCE
Original cataloging agency DLC
Transcribing agency DLC
Modifying agency DLC
050 00 - LIBRARY OF CONGRESS CALL NUMBER
Classification number PN4129.15
Item number .M56 2005
082 00 - DEWEY DECIMAL CLASSIFICATION NUMBER
Classification number 808.51
Author Mark MIN
100 1# - MAIN ENTRY--PERSONAL NAME
Personal name Mintzer, Richard.
9 (RLIN) 30003
245 10 - TITLE STATEMENT
Title Public speaking for wimps ; :
Remainder of title staying cool when stage fright strikes /
Statement of responsibility, etc. Rich Mintzer ; photography by Peter Murdock.
260 ## - PUBLICATION, DISTRIBUTION, ETC.
Place of publication, distribution, etc. New York :
Name of publisher, distributor, etc. Sterling Pub.,
Date of publication, distribution, etc. 2005.
300 ## - PHYSICAL DESCRIPTION
Extent 128 p. :
Other physical details col. ill. ;
Dimensions 29 cm.
500 ## - GENERAL NOTE
General note Includes index.
650 #0 - SUBJECT ADDED ENTRY--TOPICAL TERM
Topical term or geographic name entry element Public speaking.
9 (RLIN) 30004
650 #0 - SUBJECT ADDED ENTRY--TOPICAL TERM
Topical term or geographic name entry element Stage fright.
9 (RLIN) 30005
856 42 - ELECTRONIC LOCATION AND ACCESS
Materials specified Publisher description
Uniform Resource Identifier <a href="http://www.loc.gov/catdir/enhancements/fy0621/2005001297-d.html">http://www.loc.gov/catdir/enhancements/fy0621/2005001297-d.html</a>
906 ## - LOCAL DATA ELEMENT F, LDF (RLIN)
a 7
b cbc
c orignew
d 1
e ecip
f 20
g y-gencatlg
942 ## - ADDED ENTRY ELEMENTS (KOHA)
Source of classification or shelving scheme
Koha item type Book
Holdings
Withdrawn status Lost status Source of classification or shelving scheme Damaged status Not for loan Permanent Location Current Location Date acquired Total Checkouts Total Renewals Full call number Barcode Date last seen Date last checked out Price effective from Koha item type
          Central Library (CL) Central Library (CL) 09/09/2020 1 3 808.51 MIN CL3043 06/30/2021 03/03/2021 09/09/2020 Book
© 2023 Central Library, National University of Sciences and Technology. All Rights Reserved.